000 00522nam a22001697a 4500
005 20251108164250.0
008 250721s1983 xx 000 0 ara d
082 1 4 _a350.72/ناء
100 1 _aعواملة، نائل
245 1 0 _aالإدارة المالية العامة في النظرية و التطبيق /
264 1 _aعمان :
_bدار الفرقان،
_c1983.
300 _a234ص
650 1 7 _aالإدارة العامة
650 1 7 _aالإدارة المالية
942 _2ddc
_cBK
999 _c7881
_d7881